000 00387nam a2200157 4500
001 117119
003 ES-MaACL
005 20230906190831.0
007 t|
008 070301s1958 sp r ||||1| spa d
100 1 _aPastor, M.
_989485
245 1 0 _aSoledad /
_cM. Pastor.
260 _aMadrid :
_b[s.n.],
_c1958.
300 _a27 p. ;
_c17 cm.
852 _aES-MaACL
_jC-18081
_bR.43762
999 _c117119
_d117119